00787nam a2200157 a 4500008004100000020001500041041000800056100001800064245004100082250001100123260003500134300001100169500007900180505035900259655001100618180918s1996 ag ||||| |||| 00| 0 spa d a9507423168 aspa1 aNeruda, Pablo aCien sonetos de amor /cPablo Neruda a8a ed. aBuenos Aires:bPlaneta;c1996. a126 p. aNeruda, P. (1996). Cien sonetos de amor. (8a ed.). Buenos Aires : Planeta. aEn los Cien sonetos de amor de Neruda habla para Matilde Urrutia. Estos versos definen lo que su mujer significaba para él. Sin embargo, el amor al que los Cien sonetos rinden homenaje es para el poeta no sólo el cuerpo amado -su faz tangible- sino también la vía de acceso que permite a la conciencia individual reconocerse en el ser del mundo.  aPoesia